| 000 | 00842nas a2200253Ia 4500 | ||
|---|---|---|---|
| 001 | R813/50474 | ||
| 003 | IT-RoPAU | ||
| 008 | 151124c99999999xx |||||||||||| ||und|| | ||
| 040 | _aIT-RoPAU | ||
| 040 | _cIT-RoPAU | ||
| 041 | _aITALIANO | ||
| 100 |
_aAA.VV. _gCodice Aut. SPICS: 12000 |
||
| 210 | _aRIVISTA DI COMMEDIE | ||
| 222 | _aRivista Di Commedie | ||
| 245 |
_aRIVISTA DI COMMEDIE, ANNO 14-N.089 (15 OTTOBRE 1931) _bRivista di Commedie, Anno 14-N.089 (15 Ottobre 1931) |
||
| 250 | _a1a ed. | ||
| 260 |
_aMILANO _bEDITRICE POPOLARE MILANESE _c1931 |
||
| 501 |
_bPaulus - SPICS - Società San Paolo EM (non-commercial uses only) _cCopyright2015 |
||
| 300 | _a32 p. | ||
| 310 | _aQUINDICINALE | ||
| 362 | _aANNO 014, N.089 (15 OTTOBRE 1931) | ||
| 650 |
_aTEATRO - DANZA - DRAMMATURGIA _vPUBBLICAZIONE PERIODICA |
||
| 942 | _cCR | ||
| 999 |
_c133709 _d133709 |
||